Online Catalogue and eLibrary

The value of peace (Record no. 5001)

MARC details
000 -LEADER
fixed length control field 00206nam a2200097Ia 4500
008 - FIXED-LENGTH DATA ELEMENTS--GENERAL INFORMATION
fixed length control field 240331s9999 xx 000 0 und d
082 ## - DDC Classification
Item Number - Author Mark UYA
100 ## - MAIN ENTRY--PERSONAL NAME
Personal name Uyangoda,J
245 #4 - TITLE STATEMENT
Title The value of peace
942 ## - Koha item type (Biblio)
Koha item type Books in Stacks (Lending)

No items available.

© WERC Library